Priame zahraničné investície Nemecka a ich vplyv na ekonomiky prijímajúcich štátov diplomová práca

Gespeichert in:
Bibliographische Detailangaben
1. Verfasser: Kurej, František, 1961-
Körperschaft: Fakulta medzinárodných vzťahov EU. Katedra medzinárodných ekonomických vzťahov a hospodárskej diplomacie
Weitere Verfasser: Jančíková, Eva, 1960-
Format: Buch
Sprache:Slowakisch
Veröffentlicht: Bratislava 2014
Tags: Tag hinzufügen
Keine Tags, Fügen Sie das erste Tag hinzu!

MARC

LEADER 00000nbm a2200000 4500
001 0187639
005 20170127130032.4
041 0 |a slo 
044 |a SK 
245 1 0 |a Priame zahraničné investície Nemecka a ich vplyv na ekonomiky prijímajúcich štátov  |b diplomová práca  |c František Kurej ; školiteľ: Eva Jančíková 
264 1 |a Bratislava  |c 2014 
300 |a 79 s. 
100 1 |a Kurej, František, 1961- 
700 1 |a Jančíková, Eva, 1960- 
710 2 |a Fakulta medzinárodných vzťahov EU. Katedra medzinárodných ekonomických vzťahov a hospodárskej diplomacie